Programa de prevención de Desastres y Gestión de Riesgo (Record no. 9359)
[ view plain ]
| 000 -LEADER | |
|---|---|
| campo de control de longitud fija | 00438nam a2200145Ia 4500 |
| 001 - NÚMERO DE CONTROL | |
| campo de control | 3468 |
| 008 - DATOS DE LONGITUD FIJA--INFORMACIÓN GENERAL | |
| campo de control de longitud fija | 241024s9999 xx 000 0 und d |
| 082 ## - NÚMERO DE LA CLASIFICACIÓN DECIMAL DEWEY | |
| Número de clasificación | RD/363.34/R426m |
| 100 ## - ENTRADA PRINCIPAL--NOMBRE DE PERSONA | |
| Nombre de persona | República Dominicana. Ministerio de Economía, Planificación y Desarrollo (MEP&D) |
| 245 #0 - MENCIÓN DEL TÍTULO | |
| Título | Programa de prevención de Desastres y Gestión de Riesgo |
| 260 ## - PUBLICACIÓN, DISTRIBUCIÓN, ETC. | |
| Nombre del editor, distribuidor, etc. | EGRAF |
| Fecha de publicación, distribución, etc. | 2013 |
| 590 ## - NOTA LOCAL (RLIN) | |
| Nota local | si |
| 901 ## - ELEMENTOS DE DATOS A LOCAL LDA (RLIN) | |
| a | 11/11/2013 12:17:26 p.m. |
No items available.